NASCAR Sprint Cup Series champions - Statistics

General Stats
  • This quiz has been taken 396 times
  • The average score is 49 of 65
Answer Stats
Season Driver % Correct
2006 Jimmie Johnson
98%
2007 Jimmie Johnson
98%
2008 Jimmie Johnson
98%
2009 Jimmie Johnson
98%
2010 Jimmie Johnson
98%
2013 Jimmie Johnson
98%
1954 Lee Petty
96%
1958 Lee Petty
96%
1959 Lee Petty
96%
1964 Richard Petty
96%
1967 Richard Petty
96%
1971 Richard Petty
96%
1972 Richard Petty
96%
1974 Richard Petty
96%
1975 Richard Petty
96%
1979 Richard Petty
96%
1995 Jeff Gordon
95%
1997 Jeff Gordon
95%
1998 Jeff Gordon
95%
2001 Jeff Gordon
95%
1980 Dale Earnhardt
94%
1986 Dale Earnhardt
94%
1987 Dale Earnhardt
94%
1990 Dale Earnhardt
94%
1991 Dale Earnhardt
94%
1993 Dale Earnhardt
94%
1994 Dale Earnhardt
94%
2002 Tony Stewart
89%
2005 Tony Stewart
89%
2011 Tony Stewart
89%
2004 Kurt Busch
84%
2003 Matt Kenseth
79%
2000 Bobby Labonte
75%
1981 Darrell Waltrip
75%
1982 Darrell Waltrip
75%
1985 Darrell Waltrip
75%
1984 Terry Labonte
75%
1996 Terry Labonte
75%
2012 Brad Keselowski
73%
1989 Rusty Wallace
70%
1999 Dale Jarrett
69%
1961 Ned Jarrett
69%
1965 Ned Jarrett
69%
1983 Bobby Allison
68%
1976 Cale Yarborough
68%
1977 Cale Yarborough
68%
1978 Cale Yarborough
68%
1966 David Pearson
64%
1968 David Pearson
64%
1969 David Pearson
64%
1992 Alan Kulwicki
58%
1988 Bill Elliott
57%
1973 Benny Parsons
47%
1949 Red Byron
45%
1956 Buck Baker
41%
1957 Buck Baker
41%
1952 Tim Flock
37%
1955 Tim Flock
37%
1951 Herb Thomas
34%
1953 Herb Thomas
34%
1970 Bobby Isaac
32%
1960 Rex White
31%
1962 Joe Weatherly
28%
1963 Joe Weatherly
28%
1950 Bill Rexford
24%
No matching quizzes found
Score Distribution
Percent of People with Each Score
Percentile by Number Answered
Your Score History
You have not taken this quiz